El ALCA desde una perspectiva de género /

Gespeichert in:
Bibliographische Detailangaben
1. Verfasser: White, Marceline
Format: Text
Schlagworte:
Tags: Tag hinzufügen
Keine Tags, Fügen Sie den ersten Tag hinzu!

MARC

LEADER 00000 a a2200000 04500
001 703
003
040
100 |a White, Marceline  
245 |a El ALCA desde una perspectiva de género /  |c Marceline White 
500 |a Traducción de Eugenia Gutiérrez--Por motivos de espacio se abrevió el texto y se omitió la bibliográfía  
650 |a ACUERDOS INTERNACIONALES  
650 |a COMERCIO EXTERIOR  
650 |a GENERO  
650 |a IGUALDAD DE GENERO  
650 |a JUSTICIA SOCIAL  
773 |g número 340; páginas 23-25  
999 |c 25789  |d 25789